|
|
|
|
| LEADER |
00000nam a2200000 a 4500 |
| 001 |
vtls008296902 |
| 003 |
SK-MaSNL |
| 005 |
20260302074144.0 |
| 008 |
240315s1999 xr g 000 0 cze |
| 020 |
|
|
|a 8020007776
|q (viaz.)
|
| 040 |
|
|
|a SNK
|b slo
|c SNK
|e AACR2
|
| 041 |
0 |
|
|a cze
|
| 043 |
|
|
|a e-xr---
|
| 044 |
|
|
|a xr
|c CZ
|
| 072 |
|
7 |
|a 94(437)
|x Dejiny Česka a Slovenska
|2 konspekt
|
| 080 |
|
|
|a 930.1
|2 2001
|
| 080 |
|
|
|a 94(437.1/.3)
|2 2001
|
| 080 |
|
|
|a (081)
|2 2001
|
| 100 |
1 |
|
|a Pekař, Josef,
|d 1870-1937
|4 aut
|9 215989
|
| 245 |
1 |
0 |
|a O smyslu českých dějin
|c Josef Pekař
|
| 250 |
|
|
|a 1. vyd.
|
| 260 |
|
|
|a Praha
|b Academia
|c 1999
|
| 300 |
|
|
|a 418 s.
|c 21 cm
|
| 500 |
|
|
|a Celkovo 3. vyd.
|
| 650 |
0 |
7 |
|a filozofia dejín
|2 SNKPH
|9 4205
|
| 651 |
|
7 |
|a Česko
|x dejiny
|2 SNKPH
|9 58420
|
| 655 |
|
7 |
|a zborníky
|2 SNKPH
|9 70165
|
| 919 |
|
|
|a 80-200-0777-6
|
| 999 |
|
|
|c 1163909
|d 1165839
|
| 952 |
|
|
|a SNK
|b SNK
|y VYP
|7 0
|p 17A0484947
|o snkIC 132590
|i snk2005/17370
|8 2
|g 11.29
|0 0
|1 0
|4 0
|d 2005-09-09
|l 0
|r 2026-02-24 20:41:29
|w 2026-02-24
|